00613nam a2200193Ia 4500008004100000020001500041082001800056100001500074245007100089250000700160260003900167300002400206500000700230600002000237650002000257942000700277952012000284999001500404240925s9999 xx 000 0 und d a082135468X a332.15305 WOR aWorld Bank 0aWorld Development Report 2004 Making services work for poor people aNA aOxford:bOxford Universityc,2005. a944p.bNAfOriginal aNA aSocial Sciences aSocial Sciences cBK 001040708SSaUITUbUITUd2004-04-06eM.S.Mg450.00l0o332.15305 WORpQ5612r2024-09-25 07:13:54w2024-09-25yBK c8111d8111